000 00833nas a2200253 4500
001 BR2015001133
003 BR-BrBNA
005 20231205125047.0
007 ta
008 230509b bl.|||p| |||| 00| 00por d
040 _aBR-BrBNA
_bpor
_cBiblioteca Nacional de Agricultura
041 _a(Pt)
072 _aF08; F61; H60
100 1 _aBrighenti, A.M.
100 1 _aMuller, M.D.
245 1 _aControle do capim-braquiária associado à nutrição com boro no cultivo do mogno-africano em sistema silvipastoril
650 _aCAPIM BRACHIARIA
650 _aNUTRIÇÃO VEGETAL
650 _aERVA DANINHA
650 _aMICRONUTRIENTE
773 0 _tRevista Ciência Agronômica (Brazil)
_xISSN 0045-6888
_g(Oct-Dec 2014), v. 45(4) p. 745-751
_wBR2015001133
909 _a202311
_bLúcia
_c55
_dLúcia Elande
942 _2AGRIS
_n0
_cANA
999 _c242394
_d242394